[Event "Open Ricany 2013"]
[Site "Turnaj A"]
[Date "24.8.2013"]
[Round "1.32"]
[White "Rihova, Kamila"]
[Black "Postupa, Pavel sr."]
[Result "1/2-1/2"]
[WhiteElo "1687"]
[BlackElo "2017"]

1. e4 c5 2. Nf3 e6 3. d4 cxd4 4. Nxd4 Nc6 5. Nc3 Qc7 6. Be2 a6 7. Nb3 b5 8. a3
Bb7 9. Be3 Ne5 10. Nd2 d6 11. O-O Nf6 12. f4 Ned7 13. Bf3 Nb6 14. Qe2 Be7
15. Rad1 1/2-1/2

[Event "Open Ricany 2013"]
[Site "Turnaj A"]
[Date "24.8.2013"]
[Round "1.35"]
[White "Skala, Jaromir"]
[Black "Zavurkova, Monika"]
[Result "1-0"]
[WhiteElo "2011"]
[BlackElo "1758"]

1. d4 Nf6 2. c4 e5 3. dxe5 Ng4 4. e4 Nxe5 5. f4 Ng6 6. Nc3 Bc5 7. Nf3 O-O 8. f5
Ne7 9. Bf4 d6 10. Qd2 Nbc6 11. O-O-O b6 12. g4 Kh8 13. h4 Ng8 14. g5 Bb7 15. h5
f6 16. h6 gxh6 17. g6 Ne5 18. Bxh6 Nxh6 19. Rxh6 Ng4 20. Rxh7+ Kg8 21. Qg2 Be3+
22. Kb1 Nh6 23. Qh3 Qe8 24. Bd3 1-0

[Event "Open Ricany 2013"]
[Site "Turnaj A"]
[Date "24.8.2013"]
[Round "1.21"]
[White "Hrdina, Robin"]
[Black "Hlina, Milos"]
[Result "1-0"]
[WhiteElo "2077"]
[BlackElo "1862"]

1. e4 e6 2. d3 d5 3. Nd2 Nf6 4. g3 dxe4 5. dxe4 Bc5 6. e5 Qd4 7. Qe2 Ng4 8. Ne4
Nxe5 9. c3 Qd5 10. Bf4 Bd6 11. Rd1 Qc6 12. Bg2 Ke7 13. Bxe5 Bxe5 14. f4 1-0

[Event "Open Ricany 2013"]
[Site "Turnaj A"]
[Date "24.8.2013"]
[Round "1.7"]
[White "Gregor, Jiri"]
[Black "Pavlicek, Petr"]
[Result "1-0"]
[WhiteElo "2253"]
[BlackElo "1976"]

1. d4 Nf6 2. c4 g6 3. Nc3 d5 4. Nf3 Bg7 5. Bg5 Ne4 6. Bf4 Nxc3 7. bxc3 c5 8. e3
O-O 9. Be2 cxd4 10. cxd4 Qa5+ 11. Nd2 Be6 12. O-O dxc4 13. Nxc4 Qd8 14. Rc1 Nc6
15. Qb3 Bd5 16. Qb1 Rc8 17. Rfd1 b6 18. Na3 Qd7 19. Bh6 1-0

[Event "Open Ricany 2013"]
[Site "Turnaj A"]
[Date "24.8.2013"]
[Round "1.9"]
[White "Vybiral, Zdenek"]
[Black "Hanl, Frantisek"]
[Result "1-0"]
[WhiteElo "2195"]
[BlackElo "1964"]

1. d4 c5 2. d5 Nf6 3. Nc3 d6 4. e4 g6 5. h3 Bg7 6. Nf3 O-O 7. Be2 a6 8. a4 Qa5
9. Bd2 Qb4 10. Bd3 c4 11. Be2 Qxb2 12. Rb1 Qa3 13. O-O Qc5 14. Be3 Qc7 15. Bb6
Qd7 16. Bxc4 Nh5 17. Bd4 Bxd4 18. Qxd4 Nf4 19. e5 Qf5 20. Qe4 Qxe4 21. Nxe4 Bf5
22. Rfe1 Rc8 23. exd6 e6 24. dxe6 Rxc4 25. Nf6+ Kg7 26. e7 Nd7 27. e8=Q Rxe8
28. Nxe8+ Kf8 29. Rxb7 Rc8 30. Ng5 Ne6 31. Nxe6+ Bxe6 32. Nc7 Bd5 1-0

[Event "Open Ricany 2013"]
[Site "Turnaj A"]
[Date "24.8.2013"]
[Round "1.26"]
[White "Zamorsky, Ladislav"]
[Black "Postupa, Martin"]
[Result "0-1"]
[WhiteElo "1778"]
[BlackElo "2054"]

1. e4 e5 2. Nf3 Nc6 3. Bb5 d6 4. d4 exd4 5. Nxd4 Bd7 6. O-O g6 7. Nc3 Bg7
8. Be3 Nge7 9. Re1 O-O 10. Qd2 Re8 11. Rad1 Ne5 12. Bf1 a6 13. Bg5 Qc8 14. Nd5
Nxd5 15. exd5 c5 16. dxc6 bxc6 17. Qf4 c5 18. Ne2 Bf5 19. Ng3 Bxc2 20. Rxd6 Nf3+
21. gxf3 Rxe1 22. Qd2 Rd1 23. Qxd1 Bxd1 24. Rd8+ Qxd8 25. Bxd8 Rxd8 0-1

[Event "Open Ricany 2013"]
[Site "Turnaj A"]
[Date "24.8.2013"]
[Round "1.27"]
[White "Cap, Adam"]
[Black "Havelka, Jan"]
[Result "1/2-1/2"]
[WhiteElo "2050"]
[BlackElo "1774"]

1. e4 c5 2. Nf3 d6 3. d4 cxd4 4. Nxd4 Nf6 5. Nc3 a6 6. Be3 e5 7. Nb3 Be6 8. f3
Nc6 9. Qd2 d5 10. exd5 Nxd5 11. Nxd5 Qxd5 12. Qxd5 Bxd5 13. O-O-O O-O-O 14. Bd3
g6 15. Be4 Be6 16. Rxd8+ Kxd8 17. Nc5 Bxc5 18. Bxc5 Kc7 19. Rd1 Rd8 20. Rxd8
Nxd8 21. b3 f5 22. Bd3 Bd5 23. Kd2 Ne6 24. Be3 Kd6 25. c3 Nc5 26. Bc2 b5 27. Bh6
Ne6 28. Be3 Nc5 29. Ke2 e4 30. Bf4+ Kd7 31. Ke3 exf3 32. gxf3 Ne6 33. Be5 Ng5
34. Bd1 Ke6 35. Bb8 Bb7 36. a4 bxa4 37. bxa4 Kf6 38. c4 Ne6 39. Bd6 g5 40. c5
f4+ 41. Kd3 Bd5 42. Kc3 a5 43. Be2 1/2-1/2

[Event "Open Ricany 2013"]
[Site "Turnaj A"]
[Date "24.8.2013"]
[Round "1.30"]
[White "Trochta, Vojtech"]
[Black "Kolasin, Jan"]
[Result "1-0"]
[WhiteElo "1724"]
[BlackElo "2038"]

1. e4 e6 2. d4 d5 3. e5 c5 4. c3 Nc6 5. Nf3 Bd7 6. a3 Nge7 7. Bd3 Qb6 8. dxc5
Qxc5 9. Be3 Qa5 10. O-O Ng6 11. Bd4 Rc8 12. Re1 Nxd4 13. cxd4 Ba4 14. Qd2 Qxd2
15. Nbxd2 Nf4 16. Bf1 Rc2 17. b3 Bc6 18. b4 a6 19. g3 Ng6 20. Nb3 Rc3 21. Re3
Rxe3 22. fxe3 f6 23. Rc1 fxe5 24. dxe5 Ba4 25. Nbd4 Kd7 26. Bh3 Ne7 27. Nxe6 Ke8
28. Rc7 Bc6 29. Nfd4 g6 30. Nxc6 bxc6 31. Ra7 h6 32. Rxa6 1-0

[Event "Open Ricany 2013"]
[Site "Turnaj A"]
[Date "24.8.2013"]
[Round "1.2"]
[White "Krejci, Martin"]
[Black "Sharashenidze, Akaki"]
[Result "0-1"]
[WhiteElo "2005"]
[BlackElo "2349"]

1. e4 d6 2. d4 Nf6 3. Nc3 c6 4. Nf3 g6 5. a4 Bg7 6. Be2 O-O 7. O-O a5 8. Re1
Na6 9. e5 dxe5 10. Nxe5 Nb4 11. Bc4 Bf5 12. Bb3 Nd7 13. Bf4 Nxe5 14. Bxe5 Qd7
15. Qe2 Bxe5 16. dxe5 Rad8 17. Rad1 Qc8 18. Ne4 Bxe4 19. Qxe4 Rxd1 20. Rxd1 Rd8
21. Qf3 e6 22. h3 Qc7 23. c3 Na6 24. Qe3 Nb8 25. Qg5 Rd7 26. Rxd7 Qxd7 27. Qe3
Qc7 28. Qg5 c5 29. f4 Nc6 30. h4 Kf8 31. Qh6+ Ke7 32. Qxh7 Qb6 33. Bc2 Qxb2
34. Bxg6 Qc1+ 35. Kh2 Qxf4+ 36. Kg1 Nxe5 0-1

[Event "Open Ricany 2013"]
[Site "Turnaj A"]
[Date "24.8.2013"]
[Round "1.4"]
[White "Koper, Stefan"]
[Black "Vorisek, Jaroslav"]
[Result "0-1"]
[WhiteElo "1992"]
[BlackElo "2276"]

1. d4 f5 2. h3 d5 3. Nf3 Nf6 4. Bf4 g6 5. e3 Bg7 6. Nbd2 c5 7. c3 O-O 8. Ne5 a5
9. Be2 Qe8 10. g4 Nc6 11. Bf3 Ne4 12. Nxe4 fxe4 13. Bg2 Nxe5 14. dxe5 Be6
15. O-O Rd8 16. Qc2 b6 17. a4 Bc8 18. Qb3 Qc6 19. Bxe4 c4 20. Qa3 dxe4 21. Qxe7
Rfe8 22. Qa3 Rd3 23. Rac1 Bxe5 24. Bxe5 Rxe5 25. b3 h5 26. f4 exf3 27. bxc4 hxg4
28. Rcd1 f2+ 0-1

[Event "Open Ricany 2013"]
[Site "Turnaj A"]
[Date "24.8.2013"]
[Round "1.14"]
[White "Hadrava, Jaroslav"]
[Black "Moravec, Vit"]
[Result "0-1"]
[WhiteElo "1915"]
[BlackElo "2159"]

1. e4 c5 2. Nf3 d6 3. d4 cxd4 4. Nxd4 Nf6 5. Nc3 g6 6. f4 Nc6 7. Nxc6 bxc6
8. e5 Nd7 9. exd6 exd6 10. Qd4 Qf6 11. Qxf6 Nxf6 12. Bd3 Bg7 13. O-O Ng4 14. Ne2
f5 15. h3 Nf6 16. Nd4 Bd7 17. Re1+ Kf7 18. Nf3 Rhe8 19. Bd2 Ne4 20. Bxe4 fxe4
21. Rxe4 Rxe4 22. Ng5+ Kg8 23. Nxe4 Bxb2 24. Rb1 Bd4+ 25. Kf1 d5 26. Nf2 Bc8
27. Nd3 Ba6 28. Ke2 Re8+ 29. Kf3 Bb6 30. Re1 Rxe1 31. Bxe1 Bc4 32. a3 c5 33. Ne5
Bb5 34. c3 Kf8 35. Bf2 Ke7 36. g4 Ke6 37. h4 Be8 38. Nd3 Kd6 39. f5 gxf5
40. gxf5 Bh5+ 41. Kf4 Be2 42. Ke3 Bxd3 43. Kxd3 c4+ 44. Ke2 Bxf2 45. Kxf2 Ke5
46. Ke3 Kxf5 47. Kd4 Ke6 48. Kc5 Ke5 49. a4 a5 50. Kb5 Ke4 51. Kxa5 d4 52. cxd4
Kxd4 53. Kb6 c3 54. a5 c2 55. a6 c1=Q 56. a7 Qh1 0-1

[Event "Open Ricany 2013"]
[Site "Turnaj A"]
[Date "24.8.2013"]
[Round "1.28"]
[White "Cermak, Jan"]
[Black "Marikova, Jana"]
[Result "0-1"]
[WhiteElo "1771"]
[BlackElo "2045"]

1. e4 c5 2. Nf3 d6 3. d4 cxd4 4. Nxd4 Nf6 5. Nc3 a6 6. Be3 e5 7. Nb3 Be7 8. f3
Be6 9. Qd2 Nbd7 10. O-O-O O-O 11. g4 b5 12. g5 b4 13. Ne2 Ne8 14. f4 a5 15. f5
a4 16. Nbd4 exd4 17. Nxd4 b3 18. Kb1 bxc2+ 19. Nxc2 Bb3 20. axb3 axb3 21. Na3
Ne5 22. h4 Ra5 23. Qc3 Qa8 24. Bg2 Ra4 25. Rd4 Kh8 26. Qxb3 Rxd4 27. Bxd4 Nc7
28. Rh3 f6 29. Qb6 Na6 30. gxf6 Bxf6 31. Qa7 Qc6 32. Rb3 Qa4 33. Bxe5 Qxb3
34. Bxf6 Qd3+ 35. Ka2 Nb4+ 36. Ka1 gxf6 37. Qe7 Qd1+ 38. Nb1 Ra8+ 0-1

[Event "Open Ricany 2013"]
[Site "Turnaj A"]
[Date "24.8.2013"]
[Round "1.25"]
[White "Misicko, Jan"]
[Black "Stork, Rostislav"]
[Result "1-0"]
[WhiteElo "2074"]
[BlackElo "1814"]

1. c4 d6 2. g3 Nf6 3. Bg2 g6 4. Nc3 Bg7 5. e4 e5 6. Nge2 Nc6 7. O-O O-O 8. h3
Nh5 9. d3 f5 10. exf5 gxf5 11. Nd5 f4 12. Nexf4 Nxf4 13. gxf4 Qh4 14. fxe5 Bxe5
15. f4 Bd4+ 16. Kh2 Bf2 17. Qe2 Bg3+ 18. Kg1 Bxh3 19. Bxh3 Qxh3 20. Qg2 Qxg2+
21. Kxg2 Bh4 22. Nxc7 Rab8 23. Bd2 a6 24. Bc3 b5 25. Nxa6 Rb6 26. Nc7 b4 27. Be1
Bf6 28. Nd5 Rb7 29. Nxf6+ Rxf6 30. a3 bxa3 31. bxa3 Rg7+ 32. Kf3 Nd4+ 33. Ke4
Nc2 34. Bc3 Re7+ 35. Kd5 Ne3+ 36. Kc6 Rf5 37. Rg1+ Kf8 38. Bb4 Nc2 39. Bxd6 Nxa1
40. Rxa1 Kf7 41. Bxe7 Kxe7 42. a4 Rxf4 43. a5 Rf6+ 44. Kb7 Kd6 45. a6 Kc5
46. Ra5+ 1-0

[Event "Open Ricany 2013"]
[Site "Turnaj A"]
[Date "24.8.2013"]
[White "Forman, Miroslav"]
[Black "Vanka, Miloslav"]
[Result "0-1"]
[WhiteElo "1925"]
[BlackElo "2173"]

1. g3 d5 2. Nf3 Nf6 3. Bg2 Bf5 4. d3 Nbd7 5. Nh4 Bg6 6. Nxg6 hxg6 7. c4 e6
8. Bg5 c6 9. O-O Qb6 10. Nd2 Bd6 11. b4 Bxb4 12. Rb1 Qa5 13. cxd5 cxd5 14. Nb3
Qa6 15. e4 O-O 16. f4 Rac8 17. e5 Nh7 18. Bh4 Rc3 19. Nc1 Ba3 20. Rf3 Rfc8
21. Ne2 Rc2 22. g4 Rxa2 23. d4 Rcc2 24. Bf1 Qc6 25. f5 exf5 26. gxf5 gxf5
27. Rbb3 Bf8 28. Rbc3 Rxc3 29. Nxc3 Ra3 30. Bb5 Qh6 31. Be1 Nb6 32. Bd2 Qh5
33. Be2 Qg4+ 34. Kh1 a6 35. Rf4 Qg5 36. Bd3 g6 37. Rxf5 Qe7 38. Rf3 Qe6 39. Nb1
Ra4 40. Qg1 Bg7 41. Bf5 Qe7 42. Bc2 Ra2 43. Bb3 Rb2 44. Qc1 Rxb3 45. Rxb3 Nc4
46. Bb4 Qh4 47. e6 Qe4+ 48. Kg1 Bxd4+ 49. Kf1 Qh1+ 50. Ke2 Qxc1 51. e7 Qc2+
52. Nd2 Nf6 53. Rf3 Nxd2 54. Rxf6 Ne4+ 0-1

[Event "Open Ricany 2013"]
[Site "Turnaj A"]
[Date "24.8.2013"]
[Round "1.6"]
[White "Pycha, Patrik"]
[Black "Mejzlik, Ondrej"]
[Result "1/2-1/2"]
[WhiteElo "1981"]
[BlackElo "2255"]

1. e4 c6 2. d4 d5 3. Nc3 dxe4 4. Nxe4 Nd7 5. Nf3 Ngf6 6. Nxf6+ Nxf6 7. Bd3 Bg4
8. c3 e6 9. Bf4 Bd6 10. Bxd6 Qxd6 11. h3 Bh5 12. O-O O-O 13. Be2 Rfd8 14. Qc2 c5
15. Rad1 Qc7 16. dxc5 Qxc5 17. Rxd8+ Rxd8 18. Rd1 Rxd1+ 19. Qxd1 Nd5 20. Nd4
Bxe2 21. Qxe2 Nb6 22. Qb5 Qe7 23. a4 h6 24. a5 Nd5 25. a6 bxa6 26. Qxa6 Qc7
27. Qc6 Qe7 28. Qa8+ Kh7 29. c4 Nf6 30. Nb5 Qb4 31. Qxa7 Qxc4 32. Nc3 Qb3
33. Qa3 Qb6 34. b4 e5 35. Qb3 e4 36. Na4 Qb5 37. Nc5 Kg8 38. Qa3 Qc4 39. Qb3 Qb5
40. Qa3 1/2-1/2

[Event "Open Ricany 2013"]
[Site "Turnaj A"]
[Date "24.8.2013"]
[Round "1.29"]
[White "Janecek, Jaroslav"]
[Black "Mihal, Sergej"]
[Result "1/2-1/2"]
[WhiteElo "2038"]
[BlackElo "1771"]

1. e4 e5 2. Nf3 Nc6 3. Bc4 Nd4 4. Nxe5 Qg5 5. Bxf7+ Ke7 6. O-O Qxe5 7. Bxg8
Rxg8 8. c3 Ne6 9. d4 Qf6 10. f4 g6 11. Be3 Bh6 12. g3 b6 13. d5 Nc5 14. Bd4 Qf7
15. c4 Ba6 16. b4 Bxc4 17. bxc5 Bxf1 18. Qxf1 Bg7 19. Qc4 b5 20. Qd3 Bxd4+
21. Qxd4 Qf6 22. e5 Qf5 23. Nc3 g5 24. Rf1 Kd8 25. Nxb5 Rb8 26. Nc3 Rb2 27. Ne4
Re2 28. Nc3 Rb2 29. Ne4 Re2 30. Nf6 Qh3 31. Qf2 Rxf2 32. Rxf2 Rg7 33. d6 gxf4
34. dxc7+ Kc8 35. Nd5 Rxg3+ 36. hxg3 Qxg3+ 37. Rg2 Qe1+ 38. Kh2 1/2-1/2

[Event "Open Ricany 2013"]
[Site "Turnaj A"]
[Date "24.8.2013"]
[Round "1.15"]
[White "Keller, Daniel"]
[Black "Brcak, Marek"]
[Result "1/2-1/2"]
[WhiteElo "2144"]
[BlackElo "1902"]

1. d4 d5 2. Nf3 Nf6 3. Bf4 Bf5 4. e3 e6 5. Bd3 Bxd3 6. Qxd3 Bd6 7. Qb5+ Nbd7
8. Qxb7 Bxf4 9. exf4 Rb8 10. Qxa7 Rxb2 11. c3 Ne4 12. O-O O-O 13. Ne1 Nb6
14. Nd3 Rc2 15. Ne1 Rb2 16. f3 Nd6 17. Nd3 Rc2 18. Rf2 Rxf2 19. Nxf2 Qe7 20. Qa3
Ra8 21. Qc1 Ndc4 22. Nd3 Nd7 23. Nd2 Ndb6 24. Nxc4 dxc4 25. Nc5 g6 26. a4 Nd7
27. Nxd7 Qxd7 28. Qa3 Qd6 29. Qxd6 cxd6 30. Kf2 d5 31. Ke2 Kf8 32. Kd2 Ke7
33. Kc2 Kd6 34. Kb2 Rb8+ 35. Kc2 Rb3 36. g4 Kc6 37. Ra2 h6 38. g5 h5 39. a5 Kb7
40. a6+ Ka7 41. Ra5 Rb6 42. Rc5 Kxa6 43. Rc7 Rb7 44. Rc8 Kb6 1/2-1/2

[Event "Open Ricany 2013"]
[Site "Turnaj A"]
[Date "24.8.2013"]
[Round "1.31"]
[White "Vykouk, Jan"]
[Black "Skvaril, Michal"]
[Result "1-0"]
[WhiteElo "2034"]
[BlackElo "1708"]

1. e4 e5 2. Nf3 Nc6 3. Bb5 f5 4. d4 fxe4 5. Bxc6 dxc6 6. Nxe5 Nf6 7. O-O Be7
8. Nc3 O-O 9. Bg5 Bf5 10. Re1 Re8 11. Qd2 Nd7 12. Qf4 Rf8 13. Bxe7 Qxe7 14. Nd3
Qf6 15. Ne5 Qe7 16. Nxe4 Rae8 17. Ng3 Be6 18. Qd2 Nxe5 19. Rxe5 Qf7 20. f3 Bd7
21. b3 Rxe5 22. dxe5 Re8 23. Re1 Bf5 24. Nxf5 Qxf5 25. e6 Rxe6 26. Qd8+ Kf7
27. Qxc7+ Kg6 28. Qg3+ Kf7 29. Rxe6 Qxe6 30. Qf4+ Kg8 31. Qc4 Qxc4 32. bxc4 Kf7
33. Kf2 Ke6 34. Ke3 Ke5 35. f4+ Kf5 36. h3 h5 37. g3 c5 38. Kf3 1-0

[Event "Open Ricany 2013"]
[Site "Turnaj A"]
[Date "24.8.2013"]
[Round "1.18"]
[White "Starek, Stanislav"]
[Black "Konvalika, Vladislav"]
[Result "0-1"]
[WhiteElo "2094"]
[BlackElo "1886"]

1. d4 Nf6 2. c4 e6 3. g3 d5 4. Bg2 c6 5. Nf3 Nbd7 6. Qc2 Bd6 7. Nbd2 O-O 8. O-O
e5 9. cxd5 Nxd5 10. Nc4 Qe7 11. Nxd6 Qxd6 12. Rd1 Re8 13. dxe5 Nxe5 14. a3 Bg4
15. Bf4 Qg6 16. Qxg6 Nxg6 17. e3 Rad8 18. Re1 h6 19. h3 Be6 20. Nd4 Ndxf4
21. gxf4 Nxf4 22. Nxc6 Nxg2 23. Nxd8 Nxe1 24. Nxe6 Nf3+ 0-1

[Event "Open Ricany 2013"]
[Site "Turnaj A"]
[Date "24.8.2013"]
[Round "1.34"]
[White "Svoboda, Jaroslav"]
[Black "Lacza, Tibor"]
[Result "0-1"]
[WhiteElo "1557"]
[BlackElo "2011"]

1. e4 c6 2. d4 d5 3. Nc3 dxe4 4. Nxe4 Bf5 5. Nc3 e6 6. Nf3 Nf6 7. Bc4 Bb4
8. O-O Nbd7 9. h3 O-O 10. Bg5 Qa5 11. Ne2 Ne4 12. Bf4 Rfd8 13. c3 Be7 14. Qc1
Rac8 15. Ng3 Nxg3 16. Bxg3 c5 17. dxc5 Qxc5 18. Bb3 Nf6 19. Nd4 Ne4 20. Nxf5
Qxf5 21. Bc2 Nxg3 22. fxg3 Qe5 23. Rf3 Bg5 24. Qf1 Rd2 25. Rc1 Qc5+ 26. Kh2 Rxc2
27. Rxf7 Qd5 28. Rd1 Rxg2+ 29. Qxg2 Qxg2+ 30. Kxg2 Kxf7 31. Rd7+ Kf6 32. Rxb7 a5
33. Kf3 a4 34. Rb4 a3 35. b3 Rxc3+ 0-1

[Event "Open Ricany 2013"]
[Site "Turnaj A"]
[Date "24.8.2013"]
[Round "1.16"]
[White "Paukert, Jan"]
[Black "Kohout, Vratislav"]
[Result "0-1"]
[WhiteElo "1900"]
[BlackElo "2114"]

1. d4 d5 2. Nf3 Nf6 3. g3 c6 4. Bg2 Bf5 5. O-O Nbd7 6. b3 e6 7. c4 h6 8. Bb2
Be7 9. Nbd2 O-O 10. Ne5 Bh7 11. Nxd7 Qxd7 12. f3 c5 13. e4 dxe4 14. fxe4 cxd4
15. e5 Ne8 16. Qg4 Rd8 17. Ne4 f5 18. exf6 Nxf6 19. Nxf6+ Bxf6 20. Rad1 e5
21. Bd5+ Kh8 22. Qf3 Qe7 23. Rfe1 Bg5 24. Qg4 Be3+ 25. Kh1 Bf5 0-1

[Event "Open Ricany 2013"]
[Site "Turnaj A"]
[Date "24.8.2013"]
[Round "1.22"]
[White "Cabart, Pavel"]
[Black "Schmalz, Michal"]
[Result "0-1"]
[WhiteElo "1836"]
[BlackElo "2077"]

1. e4 c5 2. Nf3 g6 3. d4 cxd4 4. Nxd4 Nc6 5. c4 Nf6 6. Nc3 d6 7. Be2 Nxd4
8. Qxd4 Bg7 9. Be3 O-O 10. Qd2 a5 11. O-O a4 12. Bh6 Qa5 13. Bxg7 Kxg7 14. Qd4
Be6 15. Nd5 Bxd5 16. exd5 Rac8 17. b4 Qxb4 18. Rfb1 Qc5 19. Qxc5 Rxc5 20. Rxb7
Re8 21. Ra7 Ne4 22. Bd3 Nc3 23. a3 Kf6 24. Rc1 Nxd5 25. Rxa4 Rb8 26. g3 Rb3
27. Bc2 Nc3 28. Bxb3 Ne2+ 29. Kf1 Nxc1 30. Bc2 d5 31. Ke1 Na2 32. Kd2 dxc4
33. Bb1 Rb5 34. Kc2 Rxb1 0-1

[Event "Open Ricany 2013"]
[Site "Turnaj A"]
[Date "24.8.2013"]
[Round "1.19"]
[White "Havelka,. Petr"]
[Black "Rut, Vojtech"]
[Result "0-1"]
[WhiteElo "1865"]
[BlackElo "2078"]

1. d4 Nf6 2. c4 e5 3. dxe5 Ne4 4. Nf3 Nc6 5. a3 d6 6. e3 Bg4 7. Be2 dxe5 8. O-O
Qf6 9. Qc2 Bxf3 10. Bxf3 Ng5 11. Bxc6+ Qxc6 12. b3 Bd6 13. Nc3 h5 14. Qf5 Ne6
15. Ne4 Rh6 16. Bb2 O-O-O 17. Nxd6+ cxd6 18. Rad1 Rg6 19. f3 Qb6 20. b4 Qxe3+
21. Rf2 Rg5 22. Qd3 Qxd3 23. Rxd3 Nf4 24. Rd1 Nh3+ 0-1

[Event "Open Ricany 2013"]
[Site "Turnaj A"]
[Date "24.8.2013"]
[Round "1.13"]
[White "Haman, Jakub"]
[Black "Kindl, Frantisek"]
[Result "1-0"]
[WhiteElo "2170"]
[BlackElo "1922"]

1. e4 c5 2. Nf3 Nc6 3. Bb5 g6 4. O-O Bg7 5. Re1 e5 6. c3 a6 7. Bxc6 dxc6 8. d3
Bg4 9. h3 Bxf3 10. Qxf3 Ne7 11. Na3 O-O 12. Be3 b6 13. Nc4 Qc7 14. a4 Rad8
15. Qe2 a5 16. Red1 f5 17. f3 f4 18. Bf2 Nc8 19. Rd2 Bf6 20. Rad1 Nd6 21. d4
cxd4 22. cxd4 exd4 23. e5 d3 24. Qxd3 Nf7 25. Bxb6 Rxd3 26. Bxc7 Rxd2 27. Rxd2
Be7 28. Bxa5 Bc5+ 29. Kf1 Ra8 30. b4 Be3 31. Rd7 Re8 32. Bc7 Bc1 33. Rxf7 Kxf7
34. Nd6+ Ke7 35. Nxe8 Kxe8 36. a5 Be3 37. Bb6 1-0

[Event "Open Ricany 2013"]
[Site "Turnaj A"]
[Date "24.8.2013"]
[Round "1.5"]
[White "Postupa, Pavel ml."]
[Black "Havlik, Frantisek"]
[Result "1-0"]
[WhiteElo "2260"]
[BlackElo "1986"]

1. e4 e5 2. Nf3 Nc6 3. Bb5 a6 4. Ba4 Nf6 5. O-O Nxe4 6. d4 b5 7. Bb3 d5 8. dxe5
Be6 9. c3 Bc5 10. Qe2 O-O 11. Nbd2 Nxd2 12. Bxd2 Ne7 13. Bg5 c6 14. Bc2 Qc7
15. Nd4 Ng6 16. Rae1 Rae8 17. Qh5 Qd7 18. Nxe6 Qxe6 19. Be3 Qe7 20. Kh1 Qa7
21. b4 Bb6 22. Bxb6 Qxb6 23. f4 c5 24. Rf3 cxb4 25. cxb4 Rc8 26. Bf5 Rc4 27. a3
Rd8 28. e6 fxe6 29. Bxg6 hxg6 30. Qxg6 Re4 31. Ref1 Qd6 32. Rh3 Rf8 33. Rh7 Rf7
34. Qh5 Kf8 35. Rh8+ Ke7 36. Qg5+ 1-0

[Event "Open Ricany 2013"]
[Site "Turnaj A"]
[Date "24.8.2013"]
[Round "1.24"]
[White "Jandl, Vojtech"]
[Black "Skacel, Jan"]
[Result "0-1"]
[WhiteElo "1824"]
[BlackElo "2075"]

1. e4 c5 2. Nf3 Nc6 3. d4 cxd4 4. Nxd4 Nf6 5. Nc3 e6 6. a3 d5 7. Bg5 Be7
8. exd5 exd5 9. Be2 O-O 10. O-O h6 11. Bh4 Ne5 12. Re1 Ng6 13. Bg3 a6 14. Bf3
Re8 15. Qd3 Nf8 16. Rad1 Be6 17. Nb3 Rc8 18. Re2 Qb6 19. Red2 Red8 20. Qe2 Bxa3
21. bxa3 Rxc3 22. Be5 Rxf3 23. Qxf3 Bg4 24. Qg3 Bxd1 25. Rxd1 Re8 26. Rxd5 Ng6
27. Ra5 Ne4 28. Qf3 Nxe5 29. Qxe4 Nf3+ 30. gxf3 Rxe4 31. fxe4 Qg6+ 0-1

[Event "Open Ricany 2013"]
[Site "Turnaj A"]
[Date "24.8.2013"]
[Round "1.33"]
[White "Vavrinec, Tomas"]
[Black "Sadil, Jan"]
[Result "1-0"]
[WhiteElo "2015"]
[BlackElo "1630"]

1. c4 Nf6 2. Nc3 g6 3. e4 d6 4. d4 Bg7 5. Be2 O-O 6. f4 c5 7. d5 Nbd7 8. Nf3
Nb6 9. a4 a5 10. O-O Ng4 11. h3 Nh6 12. Be3 f6 13. Qd2 Nf7 14. g4 Bd7 15. Bd3
Re8 16. b3 Rb8 17. Rae1 Na8 18. Bf2 Nc7 19. Bg3 b6 20. Bc2 e6 21. dxe6 Bxe6
22. Rd1 Bc8 23. f5 Bf8 24. Qh2 Qe7 25. fxg6 hxg6 26. Rde1 Ne5 27. Nd5 Nxd5
28. exd5 Kg7 29. Nh4 g5 30. Nf5+ Bxf5 31. Rxf5 Kg8 32. Qd2 Rbd8 33. Bb1 Bg7
34. Qc2 Rf8 35. Rfxe5 1-0

[Event "Open Ricany 2013"]
[Site "Turnaj A"]
[Date "24.8.2013"]
[Round "1.17"]
[White "Mejzlik, Vojtech"]
[Black "Plchot, Miroslav"]
[Result "1/2-1/2"]
[WhiteElo "2106"]
[BlackElo "1877"]

1. c4 g6 2. Nc3 Bg7 3. g3 c5 4. Bg2 Nc6 5. d3 Rb8 6. e4 d6 7. Nge2 a6 8. O-O b5
9. f4 b4 10. Nd5 e6 11. Ne3 Nge7 12. f5 f6 13. fxe6 Bxe6 14. Nf4 Bd7 15. Nfd5
O-O 16. Ng4 Nxd5 17. exd5 Ne5 18. Nxe5 fxe5 19. Rxf8+ Qxf8 20. Qe2 Qe7 21. Be3
Rf8 22. Qd2 Rf7 23. a3 a5 24. axb4 axb4 25. Ra7 Qe8 26. b3 Bf5 27. Ra6 Qe7
28. h3 h5 29. Qe2 Qd7 30. Kh2 Re7 31. Be4 Bxe4 32. dxe4 Kh7 33. Kg2 Rf7 34. Qd2
Qe7 35. Qe2 Qf8 36. Ra1 Bh6 37. Bxh6 Kxh6 38. Qe3+ Kg7 39. Ra6 Kh7 40. Qe2 Qe7
41. Ra1 1/2-1/2

[Event "Open Ricany 2013"]
[Site "Turnaj A"]
[Date "24.8.2013"]
[Round "1.1"]
[White "Vokac, Marek"]
[Black "Petras, Milan"]
[Result "1-0"]
[WhiteElo "2458"]
[BlackElo "2006"]

1. Nf3 Nf6 2. c4 e6 3. g3 d5 4. Bg2 Be7 5. b3 O-O 6. Bb2 c5 7. O-O Nc6 8. e3
dxc4 9. bxc4 Qd3 10. Qb3 Rd8 11. Rd1 Ng4 12. h3 Bf6 13. Nc3 Nge5 14. Nxe5 Nxe5
15. Ne4 Qe2 16. Nxf6+ gxf6 17. Bxe5 fxe5 18. d3 Qh5 19. Qb5 e4 20. g4 Qg6
21. dxe4 Qf6 22. Qxc5 b6 23. Qc7 Rd2 24. Rxd2 Qxa1+ 25. Kh2 Ba6 26. e5 Rf8
27. Kg3 Kg7 28. Rd4 Qxa2 29. Qe7 Qa5 30. Qf6+ Kg8 31. Be4 Qc5 32. Bxh7+ Kxh7
33. g5 Qxc4 34. Rxc4 Bxc4 35. h4 Be2 36. g6+ Kg8 37. g7 1-0

[Event "Open Ricany 2013"]
[Site "Turnaj A"]
[Date "24.8.2013"]
[Round "1.19"]
[White "Rydl, Jiri"]
[Black "Sochor, Martin"]
[Result "1-0"]
[WhiteElo "2090"]
[BlackElo "1885"]

1. e4 c6 2. d4 d5 3. exd5 cxd5 4. c4 Nf6 5. Nc3 Nc6 6. Bg5 dxc4 7. d5 Na5
8. Bxc4 Nxc4 9. Qa4+ Bd7 10. Qxc4 g6 11. Nf3 Bg7 12. O-O O-O 13. Rfe1 Re8
14. Ne5 Qc8 15. Qb3 h6 16. Bh4 g5 17. Bg3 Nh5 18. d6 Bxe5 19. Bxe5 exd6 20. Bxd6
Qc6 21. Bg3 Nxg3 22. hxg3 Be6 23. Qd1 Rad8 24. Qh5 Kg7 25. Rad1 Rxd1 26. Qxd1
Qb6 27. Nd5 Qxb2 28. Re2 Bg4 29. Rxb2 Bxd1 30. Rxb7 a5 31. Ra7 Re5 32. Ne3 Bh5
33. a3 Rc5 34. g4 Bg6 35. Kf1 h5 36. gxh5 Bxh5 37. Ke1 Kf6 38. Kd2 Ke5 39. Rxa5
Rxa5 40. Nc4+ Ke4 41. Nxa5 f5 42. Nb3 Be8 43. Kc3 g4 44. Nc5+ Kf4 45. Kd4 Bc6
46. Ne6# 1-0